Contemporary women''s health : Issues for today and the future

में बचाया:
ग्रंथसूची विवरण
मुख्य लेखक:  Kolander, Cheryl A
स्वरूप: Sách
भाषा:Undetermined
प्रकाशित:  Mc Graw Hill  2011
विषय:
टैग : टैग जोड़ें
कोई टैग नहीं, इस रिकॉर्ड को टैग करने वाले पहले व्यक्ति बनें!
Thư viện lưu trữ: Trung tâm Thư viện - Trường Đại học Công nghiệp TP. Hồ Chí Minh
LEADER 00499nam a2200157Ia 4500
001 UIH_05117
008 231011s9999 xx 000 0 und d
082 |a  613.04244 
100 |a  Kolander, Cheryl A 
245 0 |a  Contemporary women''s health : Issues for today and the future 
245 0 |c  Kolander, Cheryl A 
260 |b  Mc Graw Hill 
260 |c  2011 
650 |a  Women;  
927 |a Sách 
980 |a Trung tâm Thư viện - Trường Đại học Công nghiệp TP. Hồ Chí Minh